000 01275cam a2200277 4500
002 7805
008 040727n2005 000 0 eng u
020 _a1405102101
035 _a(Sirsi) u126936
041 _aeng
050 _a690
_c22
100 _aFleming, Eric
245 _aConstruction technology
_ban illustrated introduction
260 _aOxford
_bBlackwell
_c2005
300 _axii, 386p.
_bill.
_c25cm.
350 _a22.50
520 _aWritten for students and newcomers to the construction industry, this book provides a comprehensive introduction to every aspect of low-rise construction, with detailed drawings. Chapters cover the fundamentals of construction (brick and block construction, foundations, walls, floors, roofs, doors and windows, stairs, plumbing, heating and electrical work) and illustrate the most common technical problems that occur on site, with solutions. Appendices cover various construction materials and techniques, drawing symbols and conventions, and selected British Standards.
590 _aNB
590 _aNB
650 _aCONSTRUCTION TECHNIQUES
650 _aBUILT ENVIRONMENT-BUILDING MATERIALS
650 _aBUILDING TECHNOLOGY
650 _aLOW-RISE BUILDINGS
690 _aBUILT ENVIRONMENT
942 _n0
999 _c103682
_d103682